HVV – USAR-Haltestellen (nach Linie) - Statistiken

Allgemein
  • Dieses Quiz wurde 349 mal gespielt
    258 seit der letzten Aktualisierung
  • Das Durchschnittsergebnis liegt bei 201 aus 384
Antwortstatistiken
reguläre Bedienung Haltestelle % Korrekt
S1 | RB61 | RB81 | +10 others Hauptbahnhof
97%
U2 | U4 Hauptbahnhof Nord
97%
U1 | U3 Hauptbahnhof Süd
97%
S1 | S3 | U1 | +2 others Jungfernstieg
91%
S1 | S2 | U2 | +2 others Berliner Tor
89%
S1 | U3 Barmbek
84%
S2 | S5 | U3 Sternschanze (Messe)
84%
U2 | U3 Schlump
83%
RB71 | RE6 | S1 | +2 others Altona
82%
RE3/RB31 | RE4/RB41 | RE5 | +2 others Harburg
82%
S1 | S3 | U3 Landungsbrücken
81%
U1 | U3 Wandsbek-Gartenstadt
81%
U3 St. Pauli
80%
A2 | U1 Norderstedt Mitte
79%
S1 | U1 Ohlsdorf
79%
RB61 | RE7/RE70 | S2 | S5 Dammtor (Messe/CCH)
78%
U1 | U3 Kellinghusenstraße
78%
U1 | U3 Lübecker Straße
77%
S1 | S3 Reeperbahn
77%
U2 | U4 Billstedt
75%
U3 Feldstraße (Heiligengeistfeld)
75%
RB61 | RB71 | S3 Pinneberg
75%
U1 Wandsbek Markt
75%
RB81 | RE80 Ahrensburg
74%
RE1 | S2 Bergedorf
74%
S3 | S5 | U4 Elbbrücken
74%
S1 Hamburg Airport (Flughafen)
74%
U2 Niendorf Nord
74%
S1 Poppenbüttel
74%
U1 Volksdorf
74%
S3 | S5 Wilhelmsburg
74%
U3 Rathaus
73%
U2 Niendorf Markt
72%
S1 | U1 Wandsbeker Chaussee
72%
U3 Baumwall (Elbphilharmonie)
71%
U3 Mönckebergstraße
71%
S1 Wedel
71%
U1 Farmsen
70%
U2 Gänsemarkt (Oper)
70%
U2 Hagenbecks Tierpark
70%
S3 | S5 Harburg Rathaus
70%
U2 Mümmelmannsberg
70%
U1 Ohlstedt
70%
U1 Steinstraße
70%
S3 | S5 Stellingen (Arenen)
70%
U1 Berne
69%
U1 Großhansdorf
69%
U2 | U4 Horner Rennbahn
69%
U1 Stephansplatz (Oper/CCH)
69%
S3 | S5 Veddel (BallinStadt)
69%
U1 Fuhlsbüttel
68%
S3 | S5 Hammerbrook (City Süd)
68%
S1 | S3 Königstraße
68%
U1 Meßberg
68%
U3 Mundsburg
68%
RE5 | S3 Stade
68%
U4 Überseequartier
68%
U1 Alsterdorf
67%
U4 HafenCity Universität
67%
U3 Hamburger Straße
67%
S2 | S5 Holstenstraße
67%
U2 Christuskirche
66%
U3 Eppendorfer Baum
66%
U3 Rödingsmarkt
66%
S1 Blankenese
65%
RB33 | RE5 | S5 Buxtehude
65%
A1 | S3 | S5 Eidelstedt
65%
RB81 | S1 Hasselbrook
65%
S1 Ottensen
65%
U1 Ahrensburg West
64%
S2 Aumühle
64%
U3 Borgweg (Stadtpark)
64%
U1 Klosterstern
64%
U1 Langenhorn Markt
64%
U2 Messehallen
64%
S3 | S5 Neugraben
64%
U1 Ochsenzoll
64%
U2 Osterstraße
64%
U3 Saarlandstraße
64%
S3 | S5 Diebsteich
63%
U1 Hallerstraße
63%
S1 | S3 Stadthausbrücke
63%
U1 Wartenau
63%
U2 | U4 Burgstraße
62%
U2 | U4 Hammer Kirche
62%
U3 Hoheluftbrücke
62%
U1 Lohmühlenstraße
62%
U1 Ritterstraße
62%
U1 Alter Teichweg
61%
U2 | U4 Rauhes Haus
61%
U1 Trabrennbahn
61%
A3 | RB61 | RB71 | +2 others Elmshorn
60%
U2 Emilienstraße
60%
U1 Garstedt
60%
U3 Habichtstraße
60%
U1 Lattenkamp (Sporthalle)
60%
S1 Alte Wöhr (Stadtpark)
59%
U3 Dehnhaide
59%
U3 Sierichstraße
59%
S3 | S5 Elbgaustraße
58%
S1 Friedrichsberg
58%
U1 Hudtwalckerstraße
58%
U1 Langenhorn Nord
58%
U2 Lutterothstraße
58%
S1 Othmarschen
58%
U1 Straßburger Straße
58%
S1 Klein Flottbek (Botanischer Garten)
57%
U3 Uhlandstraße
57%
S1 Wellingsbüttel
57%
U1 Ahrensburg Ost
56%
RE1 | RE83 Büchen
56%
U1 Fuhlsbüttel Nord
56%
S3 | S5 Heimfeld (TU Hamburg)
56%
S1 Landwehr
56%
U1 Meiendorfer Weg
56%
S2 Rothenburgsort
56%
U1 Sengelmannstraße (City Nord)
56%
S1 Bahrenfeld
55%
S2 Reinbek
55%
S1 Rissen
55%
S3 | S5 Langenfelde
54%
U2 | U4 Legienstraße
54%
U1 Oldenfelde
54%
S2 Allermöhe
52%
RB81 | RB82 | RE8 | RE80 Bad Oldesloe
52%
S2 Billwerder-Moorfleet
52%
RB32 | RE3/RB31 | RE83 Lüneburg
52%
RB81 Rahlstedt
52%
S2 Tiefstack
52%
U1 Klein Borstel
51%
S1 Rübenkamp (City Nord)
51%
S5 Fischbek
50%
S2 Mittlerer Landweg
50%
S3 | S5 Neuwiedenthal
50%
U2 Hagendeel
49%
A1 | A2 Kaltenkirchen
49%
S3 Halstenbek
48%
U2 Joachim-Mähl-Straße
48%
A1 | A2 | A3 Henstedt-Ulzburg
47%
U1 Hoisbüttel
47%
S1 Iserbrook
47%
RB61 | RB62 | RB71 | RE6 Itzehoe
47%
S3 Krupunder
47%
U1 Richtweg
47%
U1 Buckhorn
46%
U1 Kiwittsmoor
46%
S2 Nettelnburg
46%
S1 Sülldorf
46%
RB81 Tonndorf
46%
S1 Hoheneichen
45%
U1 Kiekut
45%
S2 Wohltorf
45%
S1 Kornweg (Klein Borstel)
44%
U2 Merkenstraße
44%
S3 Thesdorf
44%
U2 Steinfurther Allee
43%
U2 Schippelsweg
42%
A1 | A2 | A3 Ulzburg Süd
42%
RB38 | RE4/RB41 Buchholz (Nordheide)
41%
A1 Quickborn
41%
A1 Schnelsen
40%
RE1 Schwarzenbek
40%
S5 Agathenburg
39%
U1 Buchenkamp
39%
S1 Hochkamp
39%
U1 Schmalenbeck
39%
A1 dodenhof
37%
RE3/RB31 Winsen (Luhe)
37%
S5 Dollern
35%
RE5 | S5 Horneburg
35%
RE83 Mölln (Lauenb)
35%
RB81 Bargteheide
34%
A1 Burgwedel
34%
A1 Eidelstedt Zentrum
34%
A1 Hasloh
34%
A1 | A2 Kaltenkirchen Süd
34%
RE3/RB31 Maschen
34%
S5 Neu Wulmsdorf
34%
RB61 | RB71 Tornesch
34%
RB82 Bad Segeberg
33%
A1 Bönningstedt
33%
A1 Bad Bramstedt
32%
A3 Barmstedt
32%
RE83 Lauenburg (Elbe)
32%
RE1 Müssen
32%
RB61 | RB71 Prisdorf
32%
A1 Quickborn Süd
32%
RB37 | RB38 Soltau (Han)
32%
RB71 | RE7/RE70 Wrist
32%
A1 Ellerau
31%
RE83 Ratzeburg
31%
A1 Holstentherme
30%
S5 Neukloster
29%
A1 Tanneneck
29%
RB61 | RB71 Glückstadt
28%
RE4/RB41 Hittfeld
28%
RE3/RB31 Meckelfeld
28%
A2 Moorbekhalle (Schulzentrum Nord)
28%
RE8 | RE80 Reinfeld (Holst)
28%
RB81 Ahrensburg-Gartenholz
27%
A1 Hörgensweg
27%
A2 Meeschensee
27%
A1 Bad Bramstedt Kurhaus
26%
RE3 Bienenbüttel
26%
RB81 Kupfermühle
26%
RE3/RB31 Stelle
26%
RE4/RB41 Tostedt
25%
A3 Alveslohe
24%
A3 Barmstedt Brunnenstraße
24%
A1 Boostedt
24%
A2 Haslohfurth
24%
A1 Nützen
24%
RE3/RB31 Radbruch
24%
RE3/RB31 Ashausen
23%
RE3/RB31 Bardowick
23%
RB33 Bremervörde
23%
RE5 Himmelpforten
23%
A2 Quickborner Straße
23%
A2 Friedrichsgabe
21%
RE5 Hammah
21%
A3 Langeln
21%
A3 Voßloch
21%
RE7/RE70 Brokstedt
20%
RB32 Dannenberg Ost
20%
RE83 Echem
20%
RE4/RB41 Klecken
20%
RB38 Soltau Nord
20%
A3 Bokholt
19%
A1 Großenaspe
19%
RB61 | RB71 Herzhorn
19%
RB61 | RB71 Krempe
19%
RB61 | RB71 Kremperheide
19%
A1 Lentföhrden
19%
A3 Sparrieshoop
19%
RB33 Harsefeld
18%
A1 Wiemersdorf
18%
RB71 Horst (Holst)
16%
RB37 Munster (Örtze)
16%
RB71 Dauenhof
15%
RE5 Hemmoor
15%
A3 Langenmoor
15%
RE4/RB41 Scheeßel
15%
RE4/RB41 Sprötze
15%
RB62 Wilster
14%
RB82 Altengörs
13%
RB32 Hitzacker
13%
RB82 Rickling
13%
RB38 Schneverdingen
13%
RB82 Wakendorf
13%
RB38 Wolterdingen (Han)
13%
RB38 Holm-Seppensen
12%
RE4/RB41 Lauenbrück
11%
RB33 Apensen
10%
RB33 Brest-Aspe
10%
RB82 Fahrenkrug
10%
RB82 Fresenburg
10%
RE5 Hechthausen
10%
RB33 Kutenholz
10%
RB82 Wahlstedt
10%
RB32 Wendisch Evern
10%
RB33 Ruschwedel
9%
RB38 Büsenbachtal
7%
RB38 Handeloh
7%
RB33 Heinschenwalde
7%
RB33 Hesedorf
7%
RB33 Oerel
7%
RB33 Bargstedt
5%
RB32 Göhrde
5%
RB32 Leitstade
5%
RB38 Suerhop
5%
RB32 Neetzendorf
4%
RB38 Wintermoor
4%
RB32 Bavendorf
3%
RB32 Dahlenburg
3%
RB32 Vastorf
2%
Keine übereinstimmenden Quizze gefunden
Verteilung der Resultate
Anzahl Personen mit jedem Resultat
Perzentil nach korrekt beantworteten Fragen
Ihre Resultats-Entwicklung
Sie haben dieses Quiz seit der letzten Aktualisierung nicht gespielt